000 01986nam a2200217Ia 4500
999 _c36962
_d36962
003 OSt
005 20210405105437.0
008 160316s2013 xxu||||| |||| 00| 0 eng d
020 _a9780203075906
040 _cn
082 _a320.954000
_bKOH
100 _aKohli Arul
245 _aHandbook of Indian politics
260 _aLondon
_bRoutledge
_c2013
300 _a393p
_cxi
365 _b Rs. 14,084
505 _aTable of contents Prelims; Chapter 1: Introduction; Chapter 2: The historical inheritance of India's democracy; Chapter 3: Gandhi's India, the world's Gandhi; Chapter 4: Nehru and his legacy: Chapter 5: India's minority leaders: Chapter 6: Panchayat Raj institutions; Chapter 7: The changing fortunes of the Bharatiya Janata Party; Chapter 8: Regional and caste parties; Chapter 9: Caste and political parties in India; Chapter 10: Dalit politics; Chapter 11: Class politics in India; Chapter 12: Reservations; Chapter 13: The State amd civil Society in communal violence; Chapter 14: Insurgencies in India; Chapter 15: People's movements in India; Chapter 16: India's economic development; Chapter 17: The state and the capitalist class in India; Chapter 18: Politics and redistribution in India; Chapter 19: Corruption in India; Chapter 20: Public goods provision and social development in India; Chapter 21: Labor regulation, trade unions, and unemployment; Chapter 22: Uttar Pradesh; Chapter 23: Kerala in comparative perspective; Chapter 24: Tamil Nadu; Chapter 25: West Bengal; Chapter 26: Bihar; Chapter 27: India and the world; Chapter 28: India in Asia; Chapter 29: The Indo—Pakistani conflict; Chapter 30: India and nuclear weapons; Chapter 31: India's evolving security strategy; Chapter 32: International migration and its consequences for India; Index
650 _a1. Politics & Government - India
700 _aSingh Prema
_a
942 _2ddc
_cBK